Statistics for Land Som Ligger Nærmest Norge - 30 Sekunder Sprint

Click here to take the quiz!

General Stats

  • This quiz has been taken 28 times
  • The average score is 9 of 20

Answer Stats

kmlandet% Correct
0Sverige
95%
110Danmark
90%
0Finland
90%
0Russland
90%
973Island
67%
327Tyskland
62%
554Estland
57%
575Polen
48%
293Storbritannia
48%
847Irland
38%
734Belgia
33%
494Nederland
33%
599Latvia
29%
645Litauen
24%
446Grønland
14%
914Hviterussland
14%
870Luxembourg
14%
579Færøyene
10%
820Frankrike
10%
879Tsjekkia
10%

Score Distribution

Percentile by Number Answered

Percent of People with Each Score

Your Score History

You have not taken this quiz